00663nam a2200229 a 4500001001300000003000900013005001700022008004100039020001000080082001800090100001600108245002500124260004300149300000900192500003500201650002800236700001600264902000800280942000700288952012100295999001700416nice12345678IN_TiNIC20260116015256.0050524s1962 lona grp 000 0 eng  ac10000a307.7654bTUR aTurner, Roy aIndia`s Urban Future aLondonbUniversity of Californiac1962 a470p aincludes index and biblioraphy aUrban Development-India1 aTurner, Roy bSRS cBK 001040708StackRoom-aHMIbHMId2007-10-16g100.00l0o307.7654 TURp11000057r2007-10-16v100.00w2005-05-24yBK c19024d19024